| 000 | 00627nam a22002177a 4500 | ||
|---|---|---|---|
| 999 |
_c9436 _d9436 |
||
| 001 | 9436 | ||
| 003 | BD-JhCC | ||
| 005 | 20180314123404.0 | ||
| 008 | 180314b2006 bg ||||| |||| 00| 0 ben d | ||
| 035 | _a(BD-JhCC)9436 | ||
| 040 |
_aBD-JhCC _dBD-JhCC |
||
| 041 | _aben | ||
| 082 |
_a891.443 _bJAM 2006 |
||
| 100 | _aকামরুজ্জামান, মো: | ||
| 245 |
_aসঙ সার / _c মো: কামরুজ্জামান |
||
| 260 |
_aঢাকা : _bথ্রি টু প্রকাশনী _c2006. |
||
| 300 |
_a152 p. : _c21 cm. |
||
| 650 | _aBengali Novel | ||
| 942 |
_2ddc _cBK |
||